Statistics for Страны мира

Click here to take the quiz!

General Stats

  • This quiz has been taken 556 328 times
  • The average score is 91 of 196

Answers on the Map

Answers color-coded by a green-red scale on the quiz's map according to % correct below.
 

Answer Stats

Country% Correct
Россия
97%
Соединённые Штаты Америки
96%
Украина
95%
Китай
95%
Казахстан
93%
Франция
92%
Япония
92%
Канада
92%
Германия
91%
Италия
90%
Беларусь
90%
Австралия
88%
Польша
88%
Бразилия
88%
Испания
87%
Великобритания
87%
Северная Корея
87%
Турция
87%
Индия
85%
Швеция
85%
Южная Корея
85%
Мексика
83%
Монголия
83%
Египет
82%
Швейцария
81%
Латвия
80%
Литва
80%
Норвегия
80%
Финляндия
80%
Аргентина
78%
Греция
77%
Португалия
76%
Иран
76%
Австрия
75%
Дания
74%
Эстония
74%
Чехия
73%
Ирак
73%
Нигер
72%
Армения
72%
Узбекистан
72%
Чили
71%
Румыния
71%
Ирландия
71%
Грузия
70%
Молдова
70%
Словакия
70%
Мадагаскар
70%
Азербайджан
69%
Исландия
69%
Нидерланды
68%
Бельгия
66%
Кыргызстан
66%
Пакистан
65%
Болгария
64%
Таджикистан
64%
Индонезия
63%
Сербия
63%
Афганистан
63%
Объединённые Арабские Эмираты
63%
Алжир
63%
Южно-Африканская Республика
63%
Венгрия
62%
Новая Зеландия
62%
Саудовская Аравия
62%
Туркменистан
61%
Израиль
61%
Хорватия
60%
Таиланд
59%
Куба
59%
Словения
59%
Нигерия
59%
Кипр
58%
Перу
58%
Вьетнам
57%
Сирия
57%
Албания
56%
Колумбия
54%
Люксембург
54%
Марокко
54%
Филиппины
53%
Ватикан
52%
Уругвай
52%
Северная Македония
51%
Босния и Герцеговина
50%
Ливия
49%
Венесуэла
49%
Черногория
48%
Непал
48%
Монако
47%
Тайвань
46%
Демократическая Республика Конго
46%
Боливия
45%
Сомали
45%
Судан
45%
Тунис
44%
Республика Конго
44%
Шри-Ланка
43%
Парагвай
43%
Катар
43%
Косово
43%
Бангладеш
43%
Чад
43%
Эфиопия
42%
Панама
42%
Ямайка
42%
Йемен
42%
Оман
42%
Эквадор
41%
Малайзия
41%
Папуа-Новая Гвинея
41%
Лихтенштейн
38%
Мальдивы
38%
Ангола
37%
Гвинея
37%
Мальта
37%
Бутан
35%
Ливан
35%
Лаос
35%
Гондурас
35%
Сингапур
35%
Кения
34%
Иордания
34%
Доминика
34%
Андорра
34%
Сан-Марино
33%
Зимбабве
33%
Мали
33%
Камбоджа
33%
Центрально-Африканская Республика
31%
Южный Судан
31%
Мьянма
31%
Замбия
30%
Коста-Рика
30%
Уганда
28%
Кувейт
27%
Гана
27%
Мозамбик
25%
Гватемала
25%
Мавритания
25%
Гаити
25%
Доминиканская Республика
25%
Сальвадор
24%
Никарагуа
24%
Танзания
24%
Камерун
24%
Сенегал
24%
Ботсвана
23%
Бахрейн
23%
Намибия
23%
Суринам
22%
Либерия
22%
Гайана
22%
Эритрея
21%
Белиз
20%
Габон
20%
Лесото
20%
Кот-д'Ивуар
20%
Фиджи
19%
Багамские Острова
19%
Того
19%
Сейшельские Острова
18%
Бенин
18%
Бруней
17%
Руанда
17%
Экваториальная Гвинея
16%
Бурунди
16%
Федеративные Штаты Микронезии
16%
Барбадос
15%
Джибути
15%
Буркина-Фасо
15%
Эсватини
15%
Восточный Тимор
15%
Маврикий
14%
Гамбия
14%
Малави
14%
Палау
13%
Гвинея-Бисау
13%
Маршалловы Острова
11%
Кабо-Верде
11%
Кирибати
11%
Тонга
11%
Самоа
11%
Соломоновы Острова
11%
Сьерра-Леоне
11%
Тувалу
10%
Тринидад и Тобаго
10%
Коморы
10%
Науру
10%
Антигуа и Барбуда
10%
Гренада
10%
Сент-Люсия
9%
Вануату
9%
Сент-Киттс и Невис
8%
Сент-Винсент и Гренадины
7%
Сан-Томе и Принсипи
7%

Score Distribution

Percentile by Number Answered

Percent of People with Each Score

Your Score History

You have not taken this quiz